Loading...
| History - European History | 1 | 2 | 0 | 0 | 35 | 67 | 76.00 | 3 | 3 |
| History - Other History | 1 | 1 | 0 | 0 | 25 | 63 | 69.00 | 1 | 2 |
| Literature - Long Fiction | 1 | 1 | 0 | 0 | 25 | 74 | 101.00 | 2 | 2 |
| Religion | 1 | 1 | 0 | 0 | 25 | 50 | 73.00 | 1 | 2 |
| History - World History | 0 | 2 | 0 | 1 | 20 | 92 | 121.50 | 1 | 2 |
| Other Academic | 0 | 2 | 0 | 0 | 20 | 111 | 114.50 | 1 | 2 |
| Current Events | 0 | 1 | 0 | 0 | 10 | 129 | 129.00 | 0 | 1 |
| Geography | 0 | 1 | 0 | 0 | 10 | 111 | 111.00 | 0 | 1 |
| History - American History | 0 | 1 | 0 | 0 | 10 | 146 | 146.00 | 0 | 1 |
| Literature - Poetry | 0 | 1 | 1 | 0 | 5 | 110 | 110.00 | 0 | 1 |
| Literature - Drama | 0 | 0 | 1 | 0 | -5 | 0.00 | 0 | 0 | |
| History - Ancient History | 0 | 0 | 1 | 0 | -5 | 0.00 | 0 | 0 | |
| Fine Arts - Painting and Sculpture | 0 | 0 | 1 | 0 | -5 | 0.00 | 0 | 0 | |
| Social Science | 0 | 0 | 1 | 0 | -5 | 0.00 | 0 | 0 |